000 00815nam a2200253 a 4500
001 54698
003 BD-RjUL
005 20211209080146.0
008 161109s1952 nyu b 001 0 eng d
035 _a(BD-RjUL)54820
040 _aDLC
_cODaWU
_dInU-D
_dOCoLC
_dTxBeaL
_dDLC
_dBD-RjUL
_beng
041 _aeng
082 _223
_a539.72112
_bLOT 1952
100 1 _aLorentz, H. A.
_q(Hendrik Antoon),
_d1853-1928.
_9154830
245 1 4 _aThe theory of electrons and its applications to the phenomena of light and radiant heat /
_cby H.A. Lorentz.
250 _a2nd ed.
260 _aNew York :
_bDover Publications,
_c[c1952]
300 _a343 p. ;
_c21 cm.
500 _aIncludes index
650 0 _aElectrons.
_9163105
650 0 _aElectromagnetic theory.
_9117647
650 0 _aRadiation.
_9163106
942 _2ddc
_cBK
999 _c54698
_d54698